000 00959nam a2200205Ia 4500
999 _c40831
_d40831
001 7471
003 GE_BSU
005 20191227112019.0
008 181216s||||||||xx |||||||||||||| ||und||
020 _a19878745
040 _cGE_BSU
080 _a94(479.223)(063) ბ-17
245 _aბათუმი. წარსული და თანამედროვეობა :
_bტ. 3 /
264 _aბათუმი :
_bშოთა რუსთაველის სახ. უნ-ტი,
_c2013.
300 _a408 გვ.;
_b26 სმ.
653 _aბათუმი
653 _aკონფერენციის მასალები
710 _aბათუმის შოთა რუსთაველის სახ.უნ-ტი
_bნიკო ბერძენიშვილის ინ-ტი;ისტორიისა და არქეოლოგიის განყოფილება
_95981
942 _cBK
_2udc